[Event "Tata Steel Rapid & Blitz"]
[Site "?"]
[Date "2019.11.24"]
[Round "7.3"]
[White "Carlsen, Magnus"]
[Black "Anand, Viswanathan"]
[Result "1-0"]
[WhiteElo "2870"]
[BlackElo "2757"]
[EventDate "2019.??.??"]
[Annotator "Bojkov,Dejan"]
[PlyCount "77"]
[Beauty "7768811512410"]
[EventType "blitz"]

1.d4 Nf6 2.c4 e6 3.Nc3 Bb4 4.Nf3 d5 5.cxd5 exd5 6.Bg5 h6 7.Bh4 O-O ( {A previous theoretical duel between the two great champions went} 7...Nbd7 8.e3 g5 9.Bg3 Ne4 10.Nd2 Nxg3 11.hxg3 c6 12.Qc2 Kf8 13.Bd3 Kg7 14.O-O-O Nf6 15.Nf3 Ng4 16.Kb1 Bxc3 17.bxc3 Qe7 18.Rhe1 f5 {and eventully ended in a draw, Carlsen,M (2855)-Anand,V (2770) Leuven 2016} ) 8.e3 Bf5 9.Nd2 ( {Black held his own after} 9.Be2 Nbd7 10.Qb3 Bxc3+ 11.Qxc3 g5 12.Bg3 Ne4 13.Qa5 c5 14.Qxd8 Rfxd8 15.dxc5 Ndxc5 16.Nd4 Bg6 17.f3 Nxg3 18.hxg3 Kg7 19.g4 Rac8 20.Kd2 Ne6 {although he had to suffer a bit in Grischuk,A (2766)-Dubov,D (2700) Paris 2019} ) 9...g5 10.Bg3 c5 11.a3 Bxc3 12.bxc3 c4 13.h4 g4 $146 ( {It's amusing that an earlier game was played by Carlsen's former second, Jon Ludvig Hammer. It went} 13...Nbd7 14.Be2 Kg7 15.Qc1 Re8 16.O-O Rc8 17.Re1 Bg6 18.a4 Rc6 19.a5 Bd3 20.Qb2 Qc8 {and eventually Black emerged victorious, Urkedal,F (2552)-Hammer,J (2631) Sarpsborg 2018} ) 14.h5 Nbd7 {Black can also start with...} ( 14...Qa5 $5 {that might give Black some more choices after} 15.Bf4 ( {but} 15.Qc1 {may also transpose.} ) 15...Qxc3 ( 15...Kh7 16.Qc1 Nbd7 {transposes into the game.} ) 16.Bxh6 Re8 17.Be2 Nbd7 ) 15.Bf4 Qa5 16.Qc1 {Not only defending the c3-pawn, but peeping toward the black king.} ( {Anand does not mind sacrificing the exchange in the line} 16.Bxh6 Qxc3 17.Bxf8 Nxf8 18.Be2 Ne6 ) 16...Nb6 {Heading for a quick attack on the queenside.} ( {Instead} 16...Kh7 {does not really defend the pawn, and White can proceed with} 17.Bxh6 {Another question is how good White's play is after...} ( {However, both} 17.Be2 ) ( {and} 17.a4 {seem better options for White instead.} ) 17...Kxh6 18.e4 Kh7 $1 ) 17.Bxh6 Na4 $1 {Anand's idea becomes clear. He wants to disturb the opponent's king as well.} 18.Bxf8 {Carlsen accepts the challenge.} ( {Also interesting is} 18.Bg5 $5 Nh7 19.Bf4 ) 18...Rxf8 19.f3 Re8 {A natural move but one that gives breathing space to the white king.} ( {Anand could have held the balance instead with the brilliant sequence} 19...g3 $1 {After the king is deprived of the f2-spot, White's position might become delicate.} 20.e4 {Now:} 20...Re8 21.Bxc4 $1 ( {Not:} 21.e5 Nd7 {when Black's attack goes by itself.} ) 21...dxc4 22.Nxc4 {It seems that Black is losing. However, the cavalry comes to the rescue.} 22...Nxe4 $3 ( {Because} 22...Qxc3+ $2 23.Qxc3 Nxc3 24.Nd6 {drops material for the second player.} ) 23.fxe4 ( {The king is not save even if it castles:} 23.O-O Qd8 $3 24.fxe4 Qh4 25.Rxf5 Qh2+ 26.Kf1 Qh1+ 27.Ke2 Qxg2+ 28.Kd1 Qh1+ {with perpetual check.} ) 23...Rxe4+ 24.Kf1 Qb5 25.Qg5+ {and either White forces perpetual or needs to risk heavily.} ) ( {Perhaps even} 19...Nxc3 $5 20.Kf2 b5 21.Rh4 {offers more chances for the former world champion.} ) 20.Kf2 b5 ( 20...Nxc3 {would be met with the same:} 21.e4 {Although then} 21...Bxe4 22.fxe4 Nb5 {might well be anybody's game!} ) 21.e4 $1 {Now Carlsen takes over the initiative.} 21...dxe4 22.Nxc4 ( {Even better is} 22.Nxe4 Nxe4+ 23.fxe4 Bxe4 24.Rh4 ) 22...bxc4 23.Qg5+ Kh7 {And this is an actual mistake.} ( {The king is safer in the middle of the board:} 23...Kf8 24.Qxf6 Re6 25.Qh8+ Ke7 26.fxg4 e3+ 27.Kg1 {Then White's chances might be preferable after both:} 27...Bd3 ( {and} 27...Qxc3 {but in either case there is plenty of play going on.} ) ) 24.Qxf6 e3+ 25.Kg1 Be6 26.d5 ( 26.fxg4 $5 ) 26...Qxd5 ( {Black misses his defender in the line} 26...Bxd5 27.Rh4 Be6 28.Rxg4 $1 Bxg4 29.Qxf7+ {and White wins.} ) 27.Re1 {is too complicated for a classical game, let alone rapid.} ( {Stronger is} 27.fxg4 $1 Bxg4 28.Rh4 Rg8 29.Qf4 ) 27...Qd2 28.Re2 Qc1 29.Qd4 ( {Most likely the world champion was uncertain about the endgame that arises after} 29.Rh4 Nxc3 30.Rxg4 Nxe2+ 31.Kh2 Rg8 32.Rxg8 Kxg8 33.Bxe2 Qc2 ( {Not as good is} 33...Qxa3 34.h6 Qf8 35.Kg1 $3 {with an unstoppable transfer of the bishop on the b1-h7 diagonal.} ( {But not the immediate} 35.Bd1 e2 36.Bc2 Qxh6+ $3 {with a draw.} ) ) ) 29...gxf3 ( {Here} 29...Nxc3 {does not work due to} 30.Rxe3 Nd5 31.Re5 gxf3 32.Kh2 $1 {with the threat of a discovered attack.} ) 30.Qxe3 Qxc3 31.gxf3 Rg8+ ( {Anand does not believe in his chances against Carlsen in the endgame after} 31...Qxe3+ 32.Rxe3 Rc8 33.Be2 ) 32.Kf2 {Finally Carlsen consolidates. It is amusing to observe how quickly he converts his advantage.} 32...Qg7 33.Qe4+ Kh6 ( {A similar lost endgame for Black arises after} 33...Kh8 34.Qe5 ) 34.Qf4+ Kh7 35.Qe5 Qh6 {This loses on the spot.} ( {There is no hope either in} 35...Qxe5 36.Rxe5 Rc8 {.} ) 36.Rg1 Rc8 37.Qe4+ Kh8 38.Qd4+ $1 Kh7 39.Rxe6 ( 39.Rxe6 {Not waiting for the obvious} 39...fxe6 40.Qd7+ Kh8 41.Qxc8+ Kh7 42.Qg8# ) 1-0

[Event "E Grand Prix"]
[Site "Hamburg"]
[Date "2019.11.07"]
[Round "4.2"]
[White "Grischuk, Alexander"]
[Black "Wojtaszek, Radoslaw"]
[Result "1-0"]
[WhiteElo "2764"]
[BlackElo "2728"]
[EventDate "2019.??.??"]
[Annotator "Bojkov,Dejan"]
[PlyCount "101"]
[Beauty "6943217298963"]
[EventType "schev"]
[EventRounds "3"]
[EventCountry "FID"]

1.Nf3 Nf6 2.g3 c5 3.Bg2 Nc6 4.O-O e5 5.d3 d5 6.e4 {This might be Grischuk's rapid weapon, the reversed KID.} 6...d4 7.a4 Bd6 8.Na3 h6 {The opening should not have been a surprise for Wojtaszek.} ( {Grischuk has experience in this line. A recent game against Caruana went} 8...Be6 9.Ng5 Bg4 10.f3 Bh5 11.h4 h6 12.Nh3 Nd7 13.Nf2 g5 14.hxg5 hxg5 15.Bh3 Qe7 16.Kg2 O-O-O 17.Bd2 Kb8 18.Qe2 Nf8 19.Rh1 {and White looked better in Grischuk,A (2775)-Caruana,F (2819) Stavanger 2019} ) 9.Nh4 g6 $146 {Depriving the knight of the f5 square, a form of prophylaxis often used by Taimanov.} ( {Most likely the players were unaware of this game:} 9...Be6 10.Nf5 O-O 11.Nxd6 Qxd6 12.f4 Qe7 13.Bd2 Rad8 14.a5 {and a draw was soon agreed in Tauscher,K (2444) -Leisebein,P (2434) email 2013} ) 10.f4 exf4 11.gxf4 Ng4 {A necessary move.} ( {The immediate} 11...g5 {is met strongly with} 12.e5 $1 ( {rather than} 12.fxg5 Ng4 $1 {when Black firmly occupies the e5 point.} ) 12...gxh4 13.exd6 {with initiative for White.} ) 12.Nf3 g5 $1 {This is all about the e5 square. If Black manages to seize it, he will kill two birds with one stone by shutting down the white light-squared bishop.} 13.e5 ( {White cannot afford the opening of the game with} 13.fxg5 $2 hxg5 ) 13...Be7 ( {Better than} 13...Bc7 14.Qe2 gxf4 15.Bxf4 Be6 16.Nc4 {when the black bishop does little to nothing on c7.} ) 14.Qe2 gxf4 15.Bxf4 Rg8 16.Nc4 Be6 17.Kh1 Qd7 {Wojtaszek can be satisfied with the opening outcome. The position is dynamically balanced.} 18.Nfd2 {The square strategy. Since the board is packed with pieces and both sides have fixed wonderful outposts in the enemy camps the knights try to occupy them.} ( {After} 18.Nd6+ Bxd6 19.exd6 Ne3 {leads to full equality, say:} ( {But Black can postpone this move and play for even more with} 19...O-O-O ) 20.Bxe3 dxe3 21.Qxe3 Qxd6 ) 18...O-O-O 19.a5 Bd5 {A good plan.} ( {But often it makes sense to try and give a rook for the bishop on g2 and preserve his own bishop, as in the line} 19...Ne3 $5 20.Bxe3 dxe3 21.Qxe3 ( {Better is} 21.Nxe3 {although then Black certainly has compensation after any reasonable move.} 21...Kb8 {Even} ) 21...Nd4 $1 {as} 22.Rac1 {is strongly met with} 22...Rxg2 $3 23.Kxg2 Bg5 24.Qf2 Qc6+ {and Black is in command.} ) 20.Ne4 ( {In the pure endgame battle of the squares after} 20.Bxd5 Qxd5+ 21.Qf3 Qxf3+ 22.Rxf3 Nb4 23.Rc1 Nd5 24.Ne4 {White is a bit better.} ) 20...Qe6 21.Rae1 ( {The computer is not afraid to position his king in front of a discovered check with} 21.Ng3 f6 22.exf6 Qxe2 23.Nxe2 Bxg2+ 24.Kxg2 Nxf6+ {with approximate equality.} ) 21...Kb8 22.Ncd6 Ne3 {There you go, outposts, all of you are occupied! Time for some trades.} 23.Bxe3 dxe3 24.Qxe3 {A difficult to spot blunder.} ( {It is about even in case of the preliminary} 24.c4 Bxe4 25.Nxe4 Nxe5 26.Qxe3 Nxd3 ) 24...Nxe5 ( {Wojtaszek misses a proper exchange sacrifice:} 24...Rxg2 $3 25.Kxg2 Nd4 {with a huge advantage for Black as the first player cannot hold onto the c2 pawn:} 26.Rf2 ( {Or} 26.Rc1 Bg5 ) 26...Bh4 $1 ) 25.Nf5 Rg6 26.Re2 Ka8 {A mistake in return.} ( {It is only a bit better for White after} 26...Rdg8 {For example:} 27.Neg3 Bxg2+ 28.Kxg2 f6 ) 27.Neg3 $1 {Trading Black's best piece. The knights clearly dominate.} ( {Missing a way to win a clear pawn with} 27.Nxe7 Qxe7 28.Nxc5 Bxg2+ 29.Rxg2 Rxg2 30.Kxg2 ) 27...Bxg2+ 28.Rxg2 Bf8 ( 28...a6 $1 {was called for.} ) 29.a6 $1 {Now Grischuk can definitely claim a serious advantage as besides the better knight versus bishop he adds the better pawn structure to his list of advantages.} 29...bxa6 30.Re1 f6 31.Qe4+ Qd5 32.Rf2 Qb7 33.Qxb7+ Kxb7 34.Ne4 c4 {This can be named the last mistake.} ( {Wojtaszek should have tried} 34...Nc6 35.b3 Nd4 ) 35.d4 $1 Nc6 36.c3 {The pawn structure is stabilized in White's favor and the weak black pawns start to drop one after other.} 36...Kc7 37.Ne3 {The first target is easily claimed.} 37...a5 ( 37...Na5 38.Rf5 ) 38.Ref1 a4 39.Nxc4 Be7 40.Ne3 ( 40.Ra1 {would be also great.} ) 40...a5 41.Ra1 a3 42.bxa3 a4 43.Rf5 ( {Or} 43.d5 Ne5 44.Nf5 {with a win.} ) 43...Rb8 44.Nd5+ Kd7 45.Nb4 Nd8 ( {The last chance, albeit insufficient was} 45...Nxb4 46.axb4 Ra8 ) 46.Ra5 Rg4 47.Re1 Rb6 48.Ra7+ Rb7 49.Rxa4 Ne6 50.Ra6 Rb5 51.Rxe6 $1 {A petite combinaison \E0 la Capablanca to finish a fine positional game.} ( 51.Rxe6 {Black resigned due to} 51...Kxe6 52.Nf2+ Kf5 53.Nxg4 Bxb4 54.Ne3+ ) 1-0

[Event "E Grand Prix"]
[Site "Hamburg"]
[Date "2019.11.17"]
[Round "32.1"]
[White "Grischuk, Alexander"]
[Black "Duda, Jan Krzysztof"]
[Result "1-0"]
[WhiteElo "2764"]
[BlackElo "2748"]
[EventDate "2019.??.??"]
[Annotator "Bojkov,Dejan"]
[PlyCount "119"]
[Beauty "6396280065094"]
[EventType "schev"]
[EventRounds "3"]
[EventCountry "FID"]

1.d4 d5 2.c4 c6 3.Nf3 Nf6 4.e3 e6 5.Bd3 Nbd7 6.b3 b6 ( {A recent top grandmaster game saw a quick handshake after} 6...Bd6 7.Bb2 b6 8.O-O Bb7 9.Nbd2 O-O 10.Qe2 Re8 11.Rac1 Qc7 12.Rfd1 Rad8 13.Nf1 Ne4 14.Ng3 Ndf6 15.Ne5 c5 16.a3 {\BD-\BD Wang,H (2737)-Korobov,A (2687) Poikovsky 2019} ) 7.O-O Bb7 8.Bb2 dxc4 9.bxc4 c5 10.d5 $1 $146 {Grischuk has done his homework well. With his move he uncorked a strong novelty that immediately led to a large advantage for White.} ( {It is important to know that the earlier game was played by Duda:} 10.Nbd2 Be7 11.Qe2 O-O 12.Rad1 Rc8 13.Ne5 cxd4 14.exd4 Nxe5 15.dxe5 Nd7 16.Ne4 Bxe4 17.Qxe4 g6 18.Qe3 {and Black eventually outplayed his opponent in Kessler,L (2280)-Duda,J (2536) Maribor 2013} ) 10...exd5 {Duda accepts the sacrifice and hopes to repel the fierce attack.} ( {The alternative is} 10...Bd6 11.e4 e5 12.Nc3 {with a grim position for the second player. He lacks space, and White controls the center and has better perspectives on both flanks.} ) 11.cxd5 Bxd5 ( {White's attack is also super-powerful in case of} 11...Nxd5 12.Bc4 ( 12.Bf5 $5 ) 12...Nb4 ( {The major point is that Black cannot easily finish the development:} 12...N7f6 $2 {drops material after} 13.Qa4+ $1 Qd7 ( {Or} 13...Nd7 14.Rd1 ) 14.Bb5 ) 13.Qb3 {when Black is paralized.} ) 12.e4 Bc6 13.Re1 {Grischuk is not in a rush and is preparing the central break.} ( {The immediate} 13.e5 Nh5 14.e6 $1 fxe6 15.Re1 Nf4 16.Be4 {is also very, very dangerous for Black.} ) 13...Qe7 {Duda hurries to evacuate the king from the center, and both the Nc3-d5 and e4-e5-e6 threats are too strong to cope with.} ( {The computer claims that Black's best defense is} 13...Nh5 14.e5 Nf4 {although then White can transpose into the aforementioned line with} 15.e6 fxe6 16.Be4 ) 14.Nc3 O-O-O 15.Nd5 Qe8 ( {The alternative is the instant loss in case of} 15...Bxd5 16.exd5 Qd6 17.Ba6+ Kb8 18.Ne5 ) 16.a4 Bd6 17.Ba6+ Kb8 18.Qb3 {Once again Grischuk is patiently preparing his attack. He clearly understands that the open files cannot be locked.} ( {There are attractive alternatives available like:} 18.Nb4 $1 Nf8 19.Nxc6+ Qxc6 20.Qb3 {with a huge advantage for White.} ) ( {Or} 18.Bb5 {heading for an attack along the a-file.} ) 18...Nxe4 19.a5 {Obvious and consistent, but this allowed Black a chance.} ( {More accurate is} 19.Bc4 f5 20.a5 ) 19...Bc7 {After this obvious move, the attack runs by itself.} ( {The only way to put serious resistance is connected with a pawn sacrifice:} 19...c4 $3 {Then Black uncovers the c5 square for his knights:} 20.Bxc4 ( 20.Qxc4 {still leads to a serious advantage for White.} ) 20...Ndc5 21.Qc2 b5 {and Black eventually hopes that he may survive the second wave of the attack.} ) 20.axb6 axb6 21.Bb5 Bb7 22.Qa4 {All the files against the black king are open. Grischuk starts to search for decisive combinational blows.} 22...Qe6 23.Bc6 $3 {Here it is! The decisive reinforcement. The threat is Qa4-a8 with mate in two. Duda needs to react.} 23...Bxh2+ $1 {He does it in the best possible way, freeing air for the king.} ( {The captures led to instant mates:} 23...Bxc6 24.Qa7+ Kc8 25.Qxc7# ) ( {Or} 23...Qxc6 24.Qa7+ Kc8 25.Ne7# ) 24.Nxh2 Qxc6 25.Qa7+ Kc8 26.Ne7+ Kc7 27.Nxc6 Ra8 {At least Black regains the queen.} 28.Rxe4 Rxa7 29.Rxa7 Kxc6 30.Re7 {The smoke has cleared. White is up a rook and even though the game continued for a while, Grischuk's win was never in question.} 30...Rd8 31.Nf3 b5 32.Rxf7 b4 33.Rxg7 Kb6 34.Ra1 ( {A bit faster would have been} 34.Rxb7+ Kxb7 35.Bf6 ) 34...Bxf3 35.gxf3 Nf8 36.Rg8 c4 37.Bg7 Ne6 38.Rxd8 Nxd8 39.Rc1 Kb5 ( {The pawns are never moving:} 39...c3 40.Bxc3 bxc3 41.Rxc3 ) 40.f4 Ne6 41.Be5 Nc5 42.Kf1 Nd3 43.Rd1 Kc5 44.Ke2 Kd5 45.Rh1 Nc5 46.Rxh7 c3 47.Bxc3 bxc3 48.Rc7 c2 49.Kd2 Ne4+ 50.Kxc2 Nxf2 51.Kd2 Ke4 52.Ke2 ( 52.Rc4+ Kf5 53.Ke2 {would have led to the same.} ) 52...Ng4 53.Rc4+ Kf5 54.Kf3 Nh2+ 55.Kg2 Ng4 56.Kg3 Ne3 57.Rc5+ Kf6 58.Kf3 Nf5 59.Ra5 Kg6 60.Ra6+ 1-0

[Event "Tata Steel Rapid & Blitz"]
[Site "Kalkata India"]
[Date "2019.11.26"]
[Round "26"]
[White "Carlsen, Magnus"]
[Black "Anand, Viswanathan"]
[Result "1-0"]
[WhiteElo "2870"]
[BlackElo "2757"]
[EventDate "2019.??.??"]
[Annotator "Bojkov,Dejan"]
[PlyCount "101"]
[Beauty "6941606675987"]
[EventType "blitz"]
[EventCountry "IND"]

1.d4 Nf6 2.Nf3 d5 3.Bf4 e6 4.e3 Bd6 5.Nbd2 Bxf4 6.exf4 Qd6 ( {Similar was:} 6...O-O 7.Bd3 b6 8.Qe2 a5 9.Ne5 c5 10.c3 Ba6 11.Bxa6 Nxa6 12.O-O {in Duda,J (2738)-Vitiugov,N (2719) St Petersburg 2018} ) 7.g3 b6 {It is useful to trade the idle black bishop.} 8.c3 O-O 9.Bd3 Ba6 10.Bxa6 Nxa6 11.Qe2 Nb8 12.Ne5 $146 {An obvious move and a novelty.} ( {The predecessor was also a game of Anand:} 12.a4 c5 13.O-O Nc6 14.Nb3 Rab8 15.Rfd1 Ne4 16.Qc2 Rfc8 17.dxc5 bxc5 18.Nc1 Qc7 19.b3 Qa5 {Nakamura,H (2769)-Anand,V (2759) Leuven 2018} ) 12...c5 13.Ndf3 Ne4 14.O-O f6 15.Ng4 Nc6 {Black wants to capture on d4 and open room for his pieces on the queenside.} 16.dxc5 $1 {Carlsen would not allow it. His plan is to put pressure on the central files with his major pieces and force concessions.} 16...bxc5 17.Rad1 f5 {Immedialy giving away the e5 outpost, but supporting the central knight.} ( {Stronger was similar central play with:} 17...Rad8 18.Ne3 Rfe8 ) ( {The other way to defend against the capture on e4 is less precise:} 17...Qc7 $2 18.Nd2 $1 {And Black still needs to weaken his position:} 18...f5 ( {Not:} 18...Nxd2 19.Qxe6+ ) 19.Nxe4 dxe4 20.Ne3 {with advantage for the first player.} ) 18.Nge5 Rab8 19.c4 ( {Black will be safer in the endgame:} 19.Nxc6 Qxc6 20.Ne5 Qb5 21.Qxb5 Rxb5 22.f3 Nf6 ) 19...Nxe5 ( {To a similar position leads:} 19...d4 20.Nxc6 Qxc6 21.Ne5 Qc7 22.f3 ) 20.Nxe5 Rfd8 21.Rfe1 Qa6 {The idea is correct, but concretely the move is inaccurate.} ( {White is better after:} 21...Qc7 22.f3 Nf6 23.b3 ) 22.f3 ( {Here Carlsen could have fixed his advantage with:} 22.cxd5 Qxe2 23.Rxe2 Rxd5 24.Rc1 {thanks to the better pawn structure.} ) 22...Nf6 23.b3 Rbc8 24.Rc1 d4 25.Nd3 {White's prospects are better. The solid central blockade and the pressure against the backward e6 pawn provide good control of the position. His plan is to expand on the kingside.} 25...Rd6 26.Rc2 ( {The immediate:} 26.g4 $5 Nd7 27.h4 {looked better.} ) 26...Nd7 27.Qg2 Qb6 28.Rce2 {Now that a chance has been given to him Anand hurries to create counterplay on his own.} ( {Once more:} 28.g4 a5 29.Qg3 a4 30.Rg2 {was more to the point.} ) 28...a5 $1 29.Rb2 Rb8 30.Qd2 Qc7 31.Qd1 h6 ( {The immediate:} 31...a4 $1 32.Rbe2 axb3 33.axb3 Qb6 {would have kept Carlsen busy on the queenside, thus weakening his attack.} ) 32.Rbe2 Qb6 33.h4 a4 34.Rb2 axb3 35.axb3 Qa7 36.Kh2 Ra6 37.Qe2 Rab6 ( {Andn could have prepared better for the kingside expansion with:} 37...Qc7 $1 38.g4 Qd8 ( {Or:} 38...fxg4 39.fxg4 Rab6 ) 39.Kg3 Qf8 ) 38.g4 $1 {Finally, time for action.} 38...fxg4 39.fxg4 Qc7 {From here on the players will rely purely on their intuition. The clocks dictate the rules.} ( {The computer recommends the blockading:} 39...e5 $5 40.fxe5 Nf8 ( {But not:} 40...Rxb3 41.Rxb3 Rxb3 42.e6 Nf6 43.e7 ) ) 40.g5 hxg5 41.hxg5 e5 {A tad too late.} ( 41...Nf8 42.Reb1 Ng6 ( 42...Qf7 43.Qe4 Nd7 ) 43.Qe4 Qf7 {might have been a better try.} ) 42.fxe5 Re6 43.Qe4 {Carlsen quickly consolidates and thank to the pins not only defends his passer but is ready to get to the c5 pawn.} 43...Rbe8 44.Qd5 Nb6 45.Qxc5 Qd8 ( {Objectively better was:} 45...Qxc5 46.Nxc5 Rxe5 47.Rxe5 Rxe5 48.Nd3 Re3 49.Rd2 Kf7 {and since the white pawns are not yet moving, Black might be able to hold.} ) 46.Rg2 Rf8 47.Qb5 ( {Missing powerful centralization with a gain of a key pawn:} 47.Re4 $1 ) 47...Rf3 {The beginning of the drama starts here:} ( {Alternatively missing similar centralization with a gain of a key pawn!} 47...Rf5 $1 {Then an attempt to hold it:} 48.g6 {would make things even worse for White after:} 48...Qh4+ 49.Kg1 Rg5 ) 48.Nc5 ( {Strong was:} 48.c5 ) 48...Rg6 ( {Anand misses powerful blow:} 48...Rh6+ $3 {With the key idea:} 49.gxh6 ( 49.Kg1 d3 $1 {opening the d4 square for the queen is also horrible for White.} ) 49...Qh4+ 50.Kg1 Qxe1+ 51.Kh2 Qxe5+ {and mate is unstoppable.} ) 49.e6 ( {On his turn, Carlsen misses powerful centralization with:} 49.Ne4 $1 d3 50.Qc5 {when White is in control.} ) 49...Qd6+ ( {One more power blow against the white king was there:} 49...Rxg5 $1 {When:} 50.e7 {loses to:} 50...Qd6+ 51.Kg1 Rxg2+ 52.Kxg2 Qg3+ ) 50.Kg1 Rxg5 ( {A draw could have been achieved with:} 50...d3 $1 51.Nxd3 Rxe6 52.Rxe6 Qxe6 53.Qe5 Qxe5 54.Nxe5 Re3 $1 55.Nc6 Rxb3 {Still.} ) 51.Ne4 $3 {At the very last moment the champion managed to magically connect all his pieces. The central knight is the piece that puts order in the White house and finishes the game in his favor.} ( {Apparently Anand only had a chnace to calculate in a flash the capture:} 51.Rxg5 Rg3+ {When Black forces perpetual:} 52.Rxg3 ( {Or mate if:} 52.Kh1 $4 Rh3+ 53.Kg2 Qh2+ 54.Kf1 Rf3# ) ( {And:} 52.Kf2 $4 Qf4+ 53.Ke2 Re3+ 54.Kd1 Qf3+ ) 52...Qxg3+ ) ( 51.Ne4 {Black loses material no matter what he captures:} 51...Rxg2+ ( 51...Rxb5 52.Nxd6 {followed by e6-e7 is hopeless too.} ) 52.Kxg2 Qf8 ( 52...Qf4 53.Qe8+ Qf8 54.Qxf8+ Rxf8 55.e7 ) 53.e7 $1 ) 1-0